000 00385nam a2200145Ia 4500
008 150201s2005 xx 000 0 und d
082 _a611
_bT2005S
100 _aSINGH, INDERBEER
245 _aTEX TBOOK OF HUMAN HISTOLOGY WITH COLOUR ATLAS
250 _a4TH
260 _bJAYPEE MEDICAL PUBLISHER
_aDELHI
_c2005
300 _a1-355
650 _aHUMAN HISTOLOGY
942 _2ddc
_cBK
_01
999 _c3407
_d3407